000 00779cam a22002291 4500
001 sa 67004944
003 DLC
005 20260227112352.0
008 910130m19611962ii 000 0 eng
010 _asa 67004944
035 _a(OCoLC)24194608
040 _aDLC
_cViU
_dOCoLC
_dDLC
042 _apremarc
050 0 0 _aLAW <India Mysore 8 Finance Dept>
110 1 _aMysore (India).
_bFinance Department.
245 1 4 _aThe Mysore public works account code.
250 _a1st ed.
260 _aBangalore :
_bDirector of Print., Stationery and Publications at the Govt. Press,
_c1961-62.
300 _a2 v. :
_bill. ;
_c27 cm.
505 0 _av. 1. Orders issued up to the 31st December 1960.--v. 2. Appendices and forms.
650 0 _aPublic works
_zIndia
_zMysore
_xAccounting.
999 _c74851
_d74851